| Tag |
First Indicator |
Second Indicator |
Subfields |
| LEADER |
00000cam a2200000 i 4500 |
| 001 |
in00000042850 |
| 005 |
20151007064906.0 |
| 008 |
780623s1978 paua b 00100 eng |
| 010 |
|
|
|a 78016133
|
| 020 |
|
|
|a 0879333324
|
| 035 |
|
|
|a (OCoLC)04036999
|
| 035 |
|
|
|9 AAE0839AM
|
| 040 |
|
|
|a DLC
|c DLC
|d TMC
|d TXA
|d UtOrBLW
|
| 049 |
|
|
|a TXAM
|c [1191833]
|
| 050 |
0 |
0 |
|a Z701
|b .L53
|
| 082 |
0 |
|
|a 025.8/4
|
| 245 |
0 |
0 |
|a Library conservation :
|b preservation in perspective /
|c edited by John P. Baker and Marguerite C. Soroka.
|
| 264 |
|
1 |
|a Stroudsburg, PA :
|b Dowden, Hutchinson & Ross ;
|c [1978]
|
| 264 |
|
2 |
|a [New York] :
|b Distributed by Academic Press,
|
| 264 |
|
4 |
|c ©1978
|
| 300 |
|
|
|a xiii, 459 pages :
|b illustrations ;
|c 26 cm.
|
| 336 |
|
|
|a text
|b txt
|2 rdacontent
|
| 337 |
|
|
|a unmediated
|b n
|2 rdamedia
|
| 338 |
|
|
|a volume
|b nc
|2 rdacarrier
|
| 490 |
1 |
|
|a Publications in the information sciences
|
| 504 |
|
|
|a Includes bibliographical references and index.
|
| 650 |
|
0 |
|a Books
|x Conservation and restoration.
|
| 650 |
|
0 |
|a Manuscripts
|x Conservation and restoration.
|
| 650 |
|
2 |
|a Books.
|
| 650 |
|
2 |
|a Manuscripts.
|
| 700 |
1 |
|
|a Baker, John P.,
|d 1933-
|
| 700 |
1 |
|
|a Soroka, Marguerite C.,
|d 1918-
|
| 830 |
|
0 |
|a Publications in the information sciences.
|
| 999 |
|
|
|a MARS
|
| 999 |
f |
f |
|s e04d0d7f-639b-35cd-b415-2a6b34c66273
|i 14ab5c61-8dab-37fd-a592-bf084e3876e2
|t 0
|
| 952 |
f |
f |
|p ric
|a Texas A&M University
|b Rellis Campus
|c Joint Library Facility
|d Remote Storage
|t 0
|e Z701 .L53
|h Library of Congress classification
|i unmediated -- volume
|m A14805743391
|
| 998 |
f |
f |
|a Z701 .L53
|t 0
|l Remote Storage
|